Vplyv priemyslového výskumu na zmeny v slovenskom priemysle.

Vývoj priemyslového výskumu na Slovensku v 70. a 80. rokoch na makroúrovni. Výsledky porovnania počtu pracovníkov výskumu a vývoja v podnikateľskom sektore krajín OECD a v priemyselnom výskume na Slovensku v r. 1989. Výdavky na výskum a vývoj v porovnávaných krajinách. Vplyv výskumu na zvyšovanie te...

Ausführliche Beschreibung

Gespeichert in:
Bibliographische Detailangaben
1. Verfasser: Zajac, Štefan
Format: Buchkapitel
Sprache:Slowakisch
Schlagworte:
Tags: Tag hinzufügen
Keine Tags, Fügen Sie das erste Tag hinzu!

MARC

LEADER 00000naa a2200000 4500
001 r008242
005 20230228093852.2
041 0 |a slo 
044 |a [CS] 
245 1 0 |a Vplyv priemyslového výskumu na zmeny v slovenskom priemysle.  |c Š. Zajac 
520 |a Vývoj priemyslového výskumu na Slovensku v 70. a 80. rokoch na makroúrovni. Výsledky porovnania počtu pracovníkov výskumu a vývoja v podnikateľskom sektore krajín OECD a v priemyselnom výskume na Slovensku v r. 1989. Výdavky na výskum a vývoj v porovnávaných krajinách. Vplyv výskumu na zvyšovanie technicko-ekonomickej úrovne priemyselnej produkcie. 
610 2 0 |a výskum 
610 2 0 |a priemysel 
610 2 0 |a Slovensko 
610 2 0 |a 1970-1989 
610 2 0 |a pracovníci výskumní 
610 2 0 |a financovanie vývoja 
610 2 0 |a porovnanie štatistické medzinárodné 
610 2 0 |a západná Európa 
610 2 0 |a základňa vedeckovýskumná 
610 2 0 |a úroveň výroby technicko-ekonomická 
610 2 0 |a intenzita výroby 
610 2 0 |a hodnota pridaná spracovaním 
100 1 |a Zajac, Štefan